Microhydro : (Record no. 17330)

MARC details
000 -LEADER
fixed length control field 00977cam a22002897a 4500
001 - CONTROL NUMBER
control field 14487233
005 - DATE AND TIME OF LATEST TRANSACTION
control field 20130226152325.0
008 - FIXED-LENGTH DATA ELEMENTS--GENERAL INFORMATION
fixed length control field 060808s2003 bcca b 001 0 eng
010 ## - LIBRARY OF CONGRESS CONTROL NUMBER
LC control number 2006355309
016 ## - NATIONAL BIBLIOGRAPHIC AGENCY CONTROL NUMBER
Record control number 20049001205
020 ## - INTERNATIONAL STANDARD BOOK NUMBER
International Standard Book Number 0865714843 (pbk.)
020 ## - INTERNATIONAL STANDARD BOOK NUMBER
International Standard Book Number 9780865714847
082 04 - DEWEY DECIMAL CLASSIFICATION NUMBER
Classification number 621.312134
Edition number 22
Item number DAV
100 1# - MAIN ENTRY--PERSONAL NAME
Personal name Davis, Scott.
9 (RLIN) 32737
245 10 - TITLE STATEMENT
Title Microhydro :
Remainder of title Clean Power from Water /
Statement of responsibility, etc Scott Davis.
260 ## - PUBLICATION, DISTRIBUTION, ETC. (IMPRINT)
Place of publication, distribution, etc Gabriola Island, B.C. :
Name of publisher, distributor, etc New Society Publishers,
Date of publication, distribution, etc c2003.
300 ## - PHYSICAL DESCRIPTION
Extent xvii, 157 p. :
Other physical details ill. ;
Dimensions 23 cm.
490 1# - Series Statement
Series statement Wiser living series
500 ## - GENERAL NOTE
General note "A Mother earth news book for wiser living"--Cover.
504 ## - BIBLIOGRAPHY, ETC. NOTE
Bibliography, etc Includes bibliographical references (p. 144-145) and index.
650 #0 - SUBJECT ADDED ENTRY--TOPICAL TERM
Topical term or geographic name as entry element Hydroelectric power plants.
9 (RLIN) 31179
650 #0 - SUBJECT ADDED ENTRY--TOPICAL TERM
Topical term or geographic name as entry element Renewable energy sources.
9 (RLIN) 32738
650 #6 - SUBJECT ADDED ENTRY--TOPICAL TERM
Topical term or geographic name as entry element Centrales hydroelectriques.
9 (RLIN) 32739
650 #6 - SUBJECT ADDED ENTRY--TOPICAL TERM
Topical term or geographic name as entry element Energies renouvelables.
9 (RLIN) 32740
653 ## - INDEX TERM--UNCONTROLLED
Resource For college
Arrived date list February2013
942 ## - ADDED ENTRY ELEMENTS (KOHA)
Source of classification or shelving scheme Dewey Decimal Classification
Item type Book - Borrowing
Holdings
Withdrawn status Item status Source of classification or shelving scheme Damaged status Not for loan Vendor Home library Current library Shelving location Date acquired Source of acquisition Total Checkouts Full call number Barcode Date last seen Koha item type Date last borrowed
    Dewey Decimal Classification     Baccah Central Library Central Library First floor 26/02/2013     621.312134 DAV 000028388 15/07/2025 Book - Borrowing  
    Dewey Decimal Classification     Baccah Central Library Central Library First floor 26/02/2013     621.312134 DAV 000028389 15/07/2025 Book - Borrowing  
    Dewey Decimal Classification     Baccah Central Library Central Library First floor 26/02/2013   2 621.312134 DAV 000028390 15/07/2025 Book - Borrowing 02/11/2017